Statistics for 日本の100名山

Click here to take the quiz!

General Stats

  • This quiz has been taken 32 times
  • The average score is 32 of 100

Answer Stats

山名エリア標高% Correct
富士山南関東3776m
96%
八ヶ岳八ヶ岳2899m
85%
北岳南アルプス3192m
85%
阿蘇山九州1592m
81%
大山中国1709m
73%
御嶽山御嶽山3067m
73%
大雪山北海道2290m
69%
穂高岳北アルプス3190m
69%
立山北アルプス3015m
65%
霧ヶ峰霧ヶ峰1925m
62%
鳥海山東北2236m
62%
白山北陸2702m
62%
磐梯山東北1819m
62%
岩木山東北1625m
58%
赤城山上州1828m
58%
八甲田山東北1585m
54%
谷川岳上信越1963m
54%
岩手山東北2038m
54%
槍ヶ岳北アルプス3180m
54%
蓼科山蓼科山2530m
54%
浅間山上信越2568m
54%
男体山日光2486m
54%
美ヶ原美ヶ原2034m
54%
宮之浦岳九州1936m
50%
筑波山北関東877m
50%
石鎚山四国1982m
46%
乗鞍岳北アルプス3026m
42%
白馬岳北アルプス2932m
42%
剣山四国1955m
42%
妙高山上信越2454m
38%
蔵王山東北1841m
38%
伊吹山近畿1377m
38%
月山東北1984m
38%
八幡平東北1613m
38%
開聞岳九州922m
38%
霧島山九州1700m
38%
草津白根山上信越2165m
35%
木曽駒ヶ岳中央アルプス2956m
35%
剱岳北アルプス2999m
35%
甲斐駒ヶ岳南アルプス2967m
35%
日光白根山日光2578m
35%
燧ヶ岳尾瀬2356m
35%
十勝岳北海道2077m
31%
間ノ岳南アルプス3189m
31%
雲取山奥秩父2017m
27%
焼岳北アルプス2444m
27%
悪沢岳南アルプス3141m
27%
利尻岳北海道1719m
27%
那須岳北関東1915m
27%
安達太良山東北1700m
27%
丹沢南関東1567m
23%
恵那山中央アルプス2191m
23%
羅臼岳北海道1661m
23%
斜里岳北海道1547m
23%
天城山南関東1406m
23%
甲武信岳奥秩父2475m
23%
トムラウシ山北海道2141m
23%
早池峰山東北1917m
23%
赤石岳南アルプス3120m
23%
黒部五郎岳北アルプス2840m
23%
阿寒岳北海道1499m
19%
光岳南アルプス2591m
19%
吾妻山東北2035m
19%
空木岳中央アルプス2864m
19%
瑞牆山奥秩父2230m
15%
仙丈ヶ岳南アルプス3033m
15%
金峰山奥秩父2595m
15%
鹿島槍ヶ岳北アルプス2890m
15%
祖母山九州1756m
15%
九重山九州1787m
15%
四阿山上信越2354m
15%
薬師岳北アルプス2926m
15%
鷲羽岳北アルプス2924m
15%
水晶岳北アルプス2978m
15%
皇海山足尾2144m
15%
大菩薩嶺奥秩父2057m
12%
苗場山上信越2145m
12%
幌尻岳北海道2052m
12%
後方羊蹄山北海道1898m
12%
大台ヶ原山近畿1695m
12%
聖岳南アルプス3013m
12%
荒島岳北陸1524m
12%
塩見岳南アルプス3047m
12%
武尊山上州2158m
12%
会津駒ヶ岳東北2132m
12%
至仏山尾瀬2228m
12%
笠ヶ岳北アルプス2897m
8%
雨飾山上信越1963m
8%
五竜岳北アルプス2814m
8%
巻機山上信越1967m
8%
平ヶ岳上信越2141m
8%
常念岳北アルプス2857m
8%
鳳凰山南アルプス2840m
8%
朝日連峰東北1870m
8%
飯豊連峰東北2105m
8%
大峰山近畿1915m
4%
火打山上信越2462m
4%
高妻山上信越2353m
4%
越後駒ヶ岳上信越2003m
4%
両神山秩父1723m
4%

Score Distribution

Percentile by Number Answered

Percent of People with Each Score

Your Score History

You have not taken this quiz